Disney-Schurken Songs Quiz - Statistiken

Allgemein
  • Dieses Quiz wurde 691 mal gespielt
    202 seit der letzten Aktualisierung
  • Das Durchschnittsergebnis liegt bei 8 aus 15
Antwortstatistiken
Hint Extra Hint Antwort % Korrekt
Gothel Rapunzel – Neu verföhnt Mutter weiß mehr
86%
Lefou Die Schöne und das Biest Gaston
81%
King Louie Das Dschungelbuch Ich Wäre Gern Wie Du
74%
Ursula Arielle, die Meerjungfrau Arme Seelen in Not
69%
Dr. Facilier Küss den Frosch Freunde im Schattenreich
66%
Tamatoa Vaiana Glänzend
63%
Scar Der König der Löwen Seid bereit
58%
Claude Frollo Der Glöckner von Notre Dame Das Feuer der Hölle
47%
Gouverneur Ratcliffe Pocahontas Wilde Sind's!
44%
Zira Der König der Löwen 2 – Simbas Königreich Mein Wiegenlied
38%
Ehrenwerter John Pinocchio Hi-didel-di-dei (ein Künstler der lebt frei)
37%
Alameda Slim Die Kühe sind los Jodel-Ädel-Idel-Eidel-Uh
37%
König Magnifico Wish Das ist dafür der Dank
32%
Matangi Vaiana 2 Du hast die Wahl
28%
Dschafar Aladdin – Dschafars Rückkehr Heut‘ bist du nichts mehr
24%
Keine übereinstimmenden Quizze gefunden
Verteilung der Resultate
Anzahl Personen mit jedem Resultat
Perzentil nach korrekt beantworteten Fragen
Ihre Resultats-Entwicklung
Sie haben dieses Quiz seit der letzten Aktualisierung nicht gespielt